Missing Word: This Day in History (February) Quiz Stats

 Plays Quiz Updated Nov 27, 2020

Support Sporcle.
Go Orange.
Score 0/29 Timer 05:00
0 Plays Today
Date Answer % Correct
5th (1988)Nobel
96.9%
6th (1935)Monopoly
94.8%
21st (1965)X
92.6%
3rd (1959)Holly
91.5%
16th (1959)Castro
87.5%
1st (2004)Wardrobe
85.4%
22nd (1997)Dolly
85.1%
29th (1960)Playboy
85%
19th (1945)Iwo
84.8%
4th (1945)Stalin
83.9%
14th (1929)Valentines
83.6%
23rd (1836)Alamo
80.8%
2nd (1653)Amsterdam
79.3%
18th (1930)Pluto
78.3%
28th (1854)Republican
76.8%
Date Answer % Correct
20th (1962)Orbit
76.8%
8th (1915)Nation
75.5%
24th (1903)Guantanamo
67.7%
13th (1960)France
67.2%
7th (1497)Bonfire
64.2%
25th (1910)Tibet
64.1%
26th (1815)Elba
63.6%
12th (1554)Grey
60.7%
15th (399bc)Socrates
60%
17th (1949)Israel
57.3%
9th (1996)Blue
55.3%
10th (1986)Mafia
48.4%
27th (1844)Haiti
48.2%
11th (1970)Satellite
46.8%

Today's Daily Dose

Word Ladder
ING Words

Get the Picture
Nearest Volcano

From the Vault

Mystery Song: Lyrical Hangman

by Qaqaq

Music 5m
A musical twist on the classic Sporcle hangman quiz.
Remove Ads.
Support Sporcle.
Get the best of Sporcle when you Go Orange. This ad-free experience offers more features, more stats, and more fun while also helping to support Sporcle. Thank you for becoming a member.

Show Comments

Extras

Top Quizzes Today


Score Distribution

Your Account Isn't Verified!

In order to create a playlist on Sporcle, you need to verify the email address you used during registration. Go to your Sporcle Settings to finish the process.

Report this User

Report this user for behavior that violates our Community Guidelines.

Details: